NBA Starters 2022-2023 - Statistics

General Stats
  • This quiz has been taken 267 times
    228 since last reset
  • The average score is 121 of 150
Answer Stats
Hint Answer % Correct
Atlanta Hawks PG Trae Young
99%
Miami Heat C Bam Adebayo
96%
Atlanta Hawks C Clint Capela
96%
Denver Nuggets PG Jamal Murray
96%
Boston Celtics SF Jaylen Brown
96%
Boston Celtics PF Jayson Tatum
96%
Miami Heat SF Jimmy Butler
96%
Sacramento Kings PF Keegan Murray
96%
Chicago Bulls PF Patrick Williams
96%
Golden State Warriors PG Stephen Curry
96%
Milwaukee Bucks C Brook Lopez
95%
Phoenix Suns PG Chris Paul
95%
Atlanta Hawks SG Dejounte Murray
95%
Phoenix Suns SG Devin Booker
95%
Golden State Warriors PF Draymond Green
95%
Milwaukee Bucks PF Giannis Antetokounmpo
95%
Houston Rockets SG Jalen Green
95%
Brooklyn Nets SF Kevin Durant
95%
Golden State Warriors SG Klay Thompson
95%
Boston Celtics PG Marcus Smart
95%
Los Angeles Clippers SG Paul George
95%
New Orleans Pelicans PF Zion Williamson
95%
Los Angeles Lakers C Anthony Davis
94%
Cleveland Cavaliers SG Donovan Mitchell
94%
Milwaukee Bucks PG Jrue Holiday
94%
Charlotte Hornets PG LaMelo Ball
94%
Minnesota Timberwolves C Rudy Gobert
94%
Chicago Bulls SG Zach LaVine
94%
Portland Trail Blazers PG Damian Lillard
93%
Cleveland Cavaliers C Jarrett Allen
93%
Philadelphia 76ers C Joel Embiid
93%
New York Knicks PF Julius Randle
93%
Minnesota Timberwolves PF Karl-Anthony Towns
93%
Los Angeles Clippers SF Kawhi Leonard
93%
Brooklyn Nets PG Kyrie Irving
93%
Los Angeles Lakers PF LeBron James
93%
Oklahoma City Thunder PG Shai Gilgeous-Alexander
93%
Boston Celtics C Al Horford
92%
Golden State Warriors SF Andrew Wiggins
92%
Detroit Pistons PG Cade Cunningham
92%
Cleveland Cavaliers PG Darius Garland
92%
Phoenix Suns C Deandre Ayton
92%
Chicago Bulls SF DeMar DeRozan
92%
Sacramento Kings C Domantas Sabonis
92%
Milwaukee Bucks SG Grayson Allen
92%
Philadelphia 76ers PG James Harden
92%
Memphis Grizzlies PG Ja Morant
92%
Atlanta Hawks PF John Collins
92%
Milwaukee Bucks SF Khris Middleton
92%
Miami Heat PG Kyle Lowry
92%
Dallas Mavericks PG Luka Doncic
92%
Denver Nuggets C Nikola Jokic
92%
Miami Heat SG Tyler Herro
92%
Sacramento Kings PG De'Aaron Fox
91%
New York Knicks PG Jalen Brunson
91%
Indiana Pacers PG Tyrese Haliburton
91%
Portland Trail Blazers SG Anfernee Simons
90%
Brooklyn Nets SG Ben Simmons
90%
Memphis Grizzlies SG Desmond Bane
90%
Houston Rockets PG Kevin Porter Jr.
90%
Phoenix Suns SF Mikal Bridges
90%
Chicago Bulls C Nikola Vucevic
90%
Los Angeles Lakers PG Russell Westbrook
90%
Minnesota Timberwolves SG Anthony Edwards
89%
Washington Wizards SG Bradley Beal
89%
New Orleans Pelicans SF Brandon Ingram
89%
Minnesota Timberwolves PG D'Angelo Russell
89%
Denver Nuggets SF Michael Porter Jr.
89%
Toronto Raptors C Pascal Siakam
89%
Philadelphia 76ers SF Tobias Harris
89%
New Orleans Pelicans PG C.J. McCollum
88%
Cleveland Cavaliers PF Evan Mobley
88%
Golden State Warriors C Kevon Looney
88%
New York Knicks SF R.J. Barrett
88%
Memphis Grizzlies C Steven Adams
88%
Los Angeles Clippers C Ivica Zubac
87%
Portland Trail Blazers C Jusuf Nurkic
87%
Philadelphia 76ers SG Tyrese Maxey
87%
Boston Celtics SG Derrick White
86%
Toronto Raptors PG Fred VanVleet
86%
Sacramento Kings SF Harrison Barnes
86%
New Orleans Pelicans C Jonas Valanciunas
86%
Oklahoma City Thunder SG Josh Giddey
86%
Utah Jazz SF Lauri Markkanen
86%
Indiana Pacers C Myles Turner
86%
Brooklyn Nets C Nicolas Claxton
86%
Denver Nuggets PF Aaron Gordon
85%
Dallas Mavericks PF Dorian Finney-Smith
85%
Houston Rockets SF Eric Gordon
85%
Orlando Magic PF Paolo Banchero
85%
Toronto Raptors PF Scottie Barnes
85%
New York Knicks C Mitchell Robinson
84%
Indiana Pacers SF Buddy Hield
82%
Phoenix Suns PF Cameron Johnson
82%
Atlanta Hawks SF De'Andre Hunter
82%
Houston Rockets PF Jabari Smith Jr.
82%
Washington Wizards C Kristaps Porzingis
82%
Charlotte Hornets SG Terry Rozier
82%
Indiana Pacers PF Jalen Smith
81%
San Antonio Spurs SF Keldon Johnson
81%
Memphis Grizzlies SF Dillon Brooks
79%
Detroit Pistons SG Jaden Ivey
79%
Utah Jazz PG Mike Conley Jr.
79%
Portland Trail Blazers PF Jerami Grant
78%
Detroit Pistons PF Bojan Bogdanovic
77%
Washington Wizards PF Kyle Kuzma
77%
Philadelphia 76ers PF P.J. Tucker
77%
New Orleans Pelicans SG Herbert Jones
75%
San Antonio Spurs PG Tre Jones
75%
Orlando Magic PG Cole Anthony
73%
Orlando Magic SF Franz Wagner
73%
Charlotte Hornets C Mason Plumlee
73%
Orlando Magic C Wendell Carter Jr.
73%
Houston Rockets C Alperen Sengün
72%
Utah Jazz SG Jordan Clarkson
72%
Charlotte Hornets SF Gordon Hayward
71%
Sacramento Kings SG Kevin Huerter
71%
Toronto Raptors SF OG Anunoby
71%
Washington Wizards PG Monte Morris
69%
Denver Nuggets SG Kentavious Caldwell-Pope
68%
Charlotte Hornets PF P.J. Washington
68%
Cleveland Cavaliers SF Caris LeVert
66%
Detroit Pistons C Isaiah Stewart
66%
Los Angeles Clippers PG John Wall
66%
Oklahoma City Thunder SF Luguentz Dort
66%
Los Angeles Lakers SG Patrick Beverley
66%
Dallas Mavericks SG Spencer Dinwiddie
66%
San Antonio Spurs C Jakob Poeltl
65%
Detroit Pistons SF Saddiq Bey
64%
Toronto Raptors SG Gary Trent Jr.
63%
Orlando Magic SG Jalen Suggs
62%
Portland Trail Blazers SF Josh Hart
58%
Miami Heat PF Caleb Martin
57%
Dallas Mavericks SF Reggie Bullock
57%
Minnesota Timberwolves SF Jaden McDaniels
56%
Los Angeles Lakers SF Lonnie Walker IV
53%
San Antonio Spurs SG Devin Vassell
51%
New York Knicks SG Evan Fournier
51%
Chicago Bulls PG Ayo Dosunmu
50%
Indiana Pacers SG Bennedict Mathurin
47%
Dallas Mavericks C JaVale McGee
47%
San Antonio Spurs PF Jeremy Sochan
47%
Utah Jazz PF Jarred Vanderbilt
46%
Brooklyn Nets PF Royce O'Neale
46%
Utah Jazz C Kelly Olynyk
42%
Los Angeles Clippers PF Nicolas Batum
42%
Oklahoma City Thunder PF Aleksej Pokusevski
41%
Washington Wizards SF Deni Avdija
40%
Memphis Grizzlies PF Santi Aldama
32%
Oklahoma City Thunder C Jeremiah Robinson-Earl
20%
No matching quizzes found
Score Distribution
Percent of People with Each Score
Percentile by Number Answered
Your Score History
You have not taken this quiz since the last reset